Východiská marketingu členstva v asociáciách výskumu trhu

Podstata a náležitosti marketingu členstva v asociáciách na príklade združenia Esomar, svetovej asociácie pre profesionálov v oblasti výskumu trhu.

Gespeichert in:
Bibliographische Detailangaben
1. Verfasser: Žák, Štefan, 1971-
Format: Buchkapitel
Sprache:Slowakisch
Schlagworte:
Tags: Tag hinzufügen
Keine Tags, Fügen Sie das erste Tag hinzu!

MARC

LEADER 00000naa$a2200000$$$4500
001 0104788
005 20240502072141.8
041 0 |a slo 
044 |a SK 
245 1 0 |a Východiská marketingu členstva v asociáciách výskumu trhu  |c Štefan Žák 
520 |a Podstata a náležitosti marketingu členstva v asociáciách na príklade združenia Esomar, svetovej asociácie pre profesionálov v oblasti výskumu trhu. 
610 2 0 |a výskum trhu 
610 2 0 |a komunikácia marketingová 
610 2 0 |a marketing 
610 2 0 |a nástroje marketingové 
610 2 0 |a komunikácia manažérska 
100 1 |a Žák, Štefan, 1971-